| 000 | 00664nam a2200253Ia 4500 | ||
|---|---|---|---|
| 003 | OSt | ||
| 005 | 20220924121327.0 | ||
| 006 | a|||||r|||| 00| 0 | ||
| 007 | ta | ||
| 008 | 220923b |||||||| |||| 00| 0 tel d | ||
| 020 | _cRs.45 | ||
| 024 | _a345235 | ||
| 037 | _cTextual | ||
| 040 |
_aARTS _cARTS _btel |
||
| 041 |
_2tel _atel |
||
| 082 | _aO35,6N102,4, N0 | ||
| 100 |
_aChalasani Prasad Co. _9185311 |
||
| 245 | 0 | _aSri Sri Vyasalu | |
| 260 |
_aHyderabad _bIndia _c1990 |
||
| 300 |
_a398p. _ccm. |
||
| 650 | _aTELUGU LITERATURE | ||
| 942 |
_hO35,6N102,4, N0 _cTEXL _2CC |
||
| 999 |
_c406948 _d406948 |
||